Ochrana osobnosti a náhrada nemajetkovej ujmy

Salvato in:
Dettagli Bibliografici
Altri autori: Horváth, Edmund, Budinská, Lucia, 1990-
Natura: Libro
Lingua:slovacco
Pubblicazione: Bratislava Iuris Libri 2013
Edizione:1. vyd.
Serie:Judikatúra
Soggetti:
Tags: Aggiungi Tag
Nessun Tag, puoi essere il primo ad aggiungerne!!

MARC

LEADER 00000nam a2200000 4500
001 0173982
005 20240314094451.9
020 |a 978-80-89635-02-3 
041 0 |a slo 
044 |a SK 
245 1 0 |a Ochrana osobnosti a náhrada nemajetkovej ujmy  |c zostavili Edmund Horváth, Lucia Budinská 
250 |a 1. vyd. 
264 1 |a Bratislava  |b Iuris Libri  |c 2013 
300 |a 416 s. 
490 1 |a Judikatúra 
830 0 |a Judikatúra 
610 2 0 |a ochrana osobnosti 
610 2 0 |a ochrana práv občanov 
610 2 0 |a ochrana právna 
610 2 0 |a právo občianske 
700 1 |a Horváth, Edmund 
700 1 |a Budinská, Lucia, 1990-